| 000 | 00762nam a2200241Ia 4500 | ||
|---|---|---|---|
| 005 | 20240207114245.0 | ||
| 008 | 131103s9999 xx 000 0 und d | ||
| 020 | _a394523466 | ||
| 040 | _aLoreto College | ||
| 041 | _aEnglish | ||
| 082 |
_a342.973 _bCOL |
||
| 100 | _aCollier,Christopher | ||
| 245 |
_aDecision in Philadelphia _b the constitution convention of 1787 _cChristopher Collier [and] James Lincoln Collier |
||
| 260 |
_aNew York _bRandom House _cc 1986 |
||
| 300 | _axvi,331 p. | ||
| 504 | _aIncludes bibliographical references and index | ||
| 630 | _aUnited States - Constitutional Law | ||
| 650 | _aConstitution | ||
| 651 | _aConstitutional and Administrative Law | ||
| 700 | _aCollier,James Lincoln | ||
| 850 | _aLCLIB | ||
| 942 | _cBK | ||
| 999 |
_c12370 _d62849 |
||